|
|
|
|
| LEADER |
00000nab#a22000007a#4500 |
| 001 |
arbauad039695 |
| 003 |
AR-BaUAD |
| 005 |
20250711113107.0 |
| 008 |
990831|||||||||###||||||b###|0###a|spa|| |
| 040 |
|
|
|a AR-BaUAD
|c AR-BaUAD
|b spa
|
| 100 |
|
|
|a Lombardi, Margherita
|
| 245 |
|
|
|a Bulbi, tuberi, cormi, e rizomi /
|c Margherita Lombardi;
|
| 300 |
0 |
|
|b fot.
|
| 500 |
|
|
|a Artículo sobre bulbos.
|
| 653 |
|
|
|a BOTANICA
|
| 653 |
|
|
|a PLANTAS
|
| 653 |
|
|
|a BULBOS
|
| 773 |
0 |
|
|t VILLE GIARDINI
|g no. 279 [mar. 1993], p. 93-95
|
| 942 |
|
|
|c ARTI
|
| 952 |
|
|
|0 0
|1 0
|4 0
|7 0
|9 84614
|a AR-BAuAD
|b AR-BAuAD
|d 2025-07-11
|l 0
|p AAQA039695
|r 2025-07-11 11:31:07
|w 2025-07-11
|y ARTI
|
| 990 |
|
|
|a P199
|b TD
|
| 998 |
|
|
|a AAQ
|b BIBUN76
|
| 999 |
|
|
|c 64287
|d 64287
|